00984cam a2200289Ma 4500001001300000003000600013005001700019008004100036035003900077040006000116043001200176050001700188082001600205084001500221245007100236260005800307300002700365336002600392337002800418338002700446500002000473504005100493650002600544650004100570651004100611700004200652ocn220001584OCoLC20230517141948.0870602s1960 vra b 001 0 eng d a(OCoLC)220001584z(OCoLC)819803319 aAU@bengcAU@dOCLCQdOCLCFdOCLCOdOCLCQdUKBRUdOCLCO au-at--- aL101.A8bM4804a370.994219 aJ722bliss00aMelbourne studies in education 1958-1959 /cedited by E.L. French. aParkville, Vic. :bMelbourne University Press,c1960. aix, 161 pages ;c22 cm atextbtxt2rdacontent aunmediatedbn2rdamedia avolumebnc2rdacarrier aIncludes index. aIncludes bibliographical references and index. 0aEducationzAustralia. 7aEducation.2fast0(OCoLC)fst00902499 7aAustralia.2fast0(OCoLC)fst012045431 aFrench, E. L.q(Edgar Lionel),d1917-